Datum a čas kvízu
35
Celkem bodů
Celkový počet nahraných bodů na tomto kvízu bez doplňovacích otázek.
6.
Pořadí na kvízu
Konečné umístění týmu na tomto kvízu.
Zaznamenané odpovědi
| # | Otázka | Odpověď | Body | Výsledky |
|---|---|---|---|---|
| 1. | „Už mě nebaví se neustále díva... | Štěpán Kozub | 1 | |
| 2. | Na sociálních sítích jste mohl... | B) osla | 1 | |
| 3. | Malý makak jménem Punch, který... | plyšáka | 1 | |
| 4. | Designér Nik Bentel vytvořil v... | nákupní košík | 1 | |
| 5. | Jeden český prvoligový klub po... | Baník Ostrava; Tomáš Galásek | 0 | |
| 6. | Zimní olympiádu v Itálii máme... | Alberto Tomba | 1 | |
| 7. | Vyberte nepravdivé tvrzení o t... | A | 1 | |
| 8. | Velký rozruch vyvolala helma u... | skeleton | 1 | |
| 9. | Seřaďte české olympioničky pod... | 1D 2B 3C 4A | 1 | |
| 10. | Do ženské kvalifikace týmového... | Nazgul | 1 |